I tabacchi greggi italiani, (Record no. 9916)
[ view plain ]
| 000 -LEADER | |
|---|---|
| fixed length control field | 00765cam a22002411 4500 |
| 001 - CONTROL NUMBER | |
| control field | agr38000895 |
| 003 - CONTROL NUMBER IDENTIFIER | |
| control field | DLC |
| 005 - DATE AND TIME OF LATEST TRANSACTION | |
| control field | 20260227110957.0 |
| 008 - FIXED-LENGTH DATA ELEMENTS--GENERAL INFORMATION | |
| fixed length control field | 760227s1937 it ac 000 0 ita |
| 010 ## - LIBRARY OF CONGRESS CONTROL NUMBER | |
| LC control number | agr38000895 |
| 035 ## - SYSTEM CONTROL NUMBER | |
| System control number | (OCoLC)2016996 |
| 040 ## - CATALOGING SOURCE | |
| Original cataloging agency | DLC |
| Transcribing agency | KyLoU |
| Modifying agency | DLC |
| 042 ## - AUTHENTICATION CODE | |
| Authentication code | premarc |
| 050 00 - LIBRARY OF CONGRESS CALL NUMBER | |
| Classification number | SB278.I8 |
| Item number | R6 |
| 100 1# - MAIN ENTRY--PERSONAL NAME | |
| Personal name | Rossi, Umberto, |
| Relator term | ed. |
| 245 02 - TITLE STATEMENT | |
| Title | I tabacchi greggi italiani, |
| Statement of responsibility, etc. | a cura del dott. Umberto Rossi. |
| 260 ## - PUBLICATION, DISTRIBUTION, ETC. | |
| Place of publication, distribution, etc. | Milano, |
| Name of publisher, distributor, etc. | Istituto grafico Vanzetti e Vanoletti, |
| Date of publication, distribution, etc. | 1937. |
| 300 ## - PHYSICAL DESCRIPTION | |
| Extent | 127 p. |
| Other physical details | illus., 43 col. pl., map |
| Dimensions | 30 cm. |
| 500 ## - GENERAL NOTE | |
| General note | At head of title: Ente nazionale per il tabacco. Roma. |
| 504 ## - BIBLIOGRAPHY, ETC. NOTE | |
| Bibliography, etc. note | "Bibliografia": p. 127-[128] |
| 650 #0 - SUBJECT ADDED ENTRY--TOPICAL TERM | |
| Topical term or geographic name entry element | Tobacco |
| Geographic subdivision | Italy. |
| 610 20 - SUBJECT ADDED ENTRY--CORPORATE NAME | |
| Corporate name or jurisdiction name as entry element | Ente nazionale per il tabacco, Roma. |
No items available.